[Event "World Chess Olympiad 2018"]
[Site "Batumi"]
[Date "2018.09.24"]
[Round "1"]
[Board "1"]
[WhiteFideId "208078"]
[White "Godart Francois"]
[BlackFideId "9100075"]
[Black "Press Shaun"]
[Result "1-0"]
[LiveChessVersion "1.4.8"]
[BlackElo "1935"]
[WhiteElo "2431"]

1. d4 {[%clk 1:30:55]} d5 {[%clk 1:30:55]} 2. Nf3 {[%clk 1:31:15]} Nf6
{[%clk 1:31:20]} 3. c4 {[%clk 1:31:38]} dxc4 {[%clk 1:31:42]} 4. e3
{[%clk 1:31:51]} Bg4 {[%clk 1:30:39]} 5. Bxc4 {[%clk 1:32:04]} e6
{[%clk 1:31:01]} 6. Nc3 {[%clk 1:31:14]} Nbd7 {[%clk 1:21:13]} 7. h3
{[%clk 1:21:30]} Bh5 {[%clk 1:19:09]} 8. e4 {[%clk 1:19:14]} Nb6 {[%clk 1:17:08]}
9. Be2 {[%clk 1:16:29]} Be7 {[%clk 1:11:39]} 10. Be3 {[%clk 1:12:07]} O-O
{[%clk 1:10:16]} 11. O-O {[%clk 1:08:09]} c6 {[%clk 0:51:12]} 12. a4
{[%clk 1:04:29]} Rc8 {[%clk 0:47:37]} 13. a5 {[%clk 0:58:49]} Nbd7
{[%clk 0:47:11]} 14. Qb3 {[%clk 0:58:38]} b5 {[%clk 0:37:35]} 15. axb6
{[%clk 0:57:08]} Qxb6 {[%clk 0:35:30]} 16. Qxb6 {[%clk 0:56:52]} axb6
{[%clk 0:35:52]} 17. Ra7 {[%clk 0:57:13]} Rfd8 {[%clk 0:30:52]} 18. Ba6
{[%clk 0:49:51]} Ra8 {[%clk 0:30:49]} 19. Rxa8 {[%clk 0:50:15]} Rxa8
{[%clk 0:31:15]} 20. Bb7 {[%clk 0:50:39]} Ra7 {[%clk 0:17:57]} 21. Bxc6
{[%clk 0:50:56]} Rc7 {[%clk 0:15:43]} 22. Bb5 {[%clk 0:50:53]} Bb4
{[%clk 0:15:26]} 23. Bf4 {[%clk 0:45:53]} Ra7 {[%clk 0:13:09]} 24. Bc6
{[%clk 0:46:00]} Bxc3 {[%clk 0:08:48]} 25. bxc3 {[%clk 0:46:24]} Bg6
{[%clk 0:09:13]} 26. Nd2 {[%clk 0:46:24]} Ra3 {[%clk 0:02:12]} 27. Rc1
{[%clk 0:46:40]} Nf8 {[%clk 0:02:05]} 28. f3 {[%clk 0:46:41]} N6d7
{[%clk 0:01:58]} 29. Bd6 {[%clk 0:46:39]} Ra2 {[%clk 0:02:05]} 30. Nc4
{[%clk 0:47:01]} f6 {[%clk 0:01:53]} 31. d5 {[%clk 0:46:40]} exd5
{[%clk 0:01:33]} 32. exd5 {[%clk 0:46:53]} Bd3 {[%clk 0:01:12]} 33. Na3
{[%clk 0:45:07]} Nc5 {[%clk 0:01:02]} 34. Bxc5 {[%clk 0:44:38]} bxc5
{[%clk 0:01:24]} 35. Nb5 {[%clk 0:45:03]} Rb2 {[%clk 0:00:37]} 36. c4
{[%clk 0:44:26]} Kf7 {[%clk 0:00:48]} 37. Nd6+ {[%clk 0:41:29]} Ke7
{[%clk 0:00:41]} 38. Nb7 {[%clk 0:41:46]} Ng6 {[%clk 0:00:35]} 39. d6+
{[%clk 1:11:20]} 1-0

[Event "World Chess Olympiad 2018"]
[Site "Batumi"]
[Date "2018.09.24"]
[Round "1"]
[Board "2"]
[WhiteFideId "9100032"]
[White "Marko Helmut"]
[BlackFideId "200778"]
[Black "Docx Stefan"]
[Result "0-1"]
[LiveChessVersion "1.4.8"]
[BlackElo "2427"]
[WhiteElo "1902"]

1. Nf3 {[%clk 1:30:43]} d5 {[%clk 1:30:23]} 2. g3 {[%clk 1:30:58]} Bg4
{[%clk 1:30:21]} 3. Bg2 {[%clk 1:30:55]} e6 {[%clk 1:30:40]} 4. O-O
{[%clk 1:30:33]} Nf6 {[%clk 1:31:03]} 5. d3 {[%clk 1:30:01]} c5 {[%clk 1:31:24]}
6. b3 {[%clk 1:29:33]} Nc6 {[%clk 1:31:46]} 7. Bb2 {[%clk 1:29:19]} Be7
{[%clk 1:32:07]} 8. Nbd2 {[%clk 1:23:02]} O-O {[%clk 1:31:48]} 9. Ne5
{[%clk 1:18:33]} Nxe5 {[%clk 1:31:03]} 10. Bxe5 {[%clk 1:18:55]} Qa5
{[%clk 1:26:16]} 11. Bb2 {[%clk 1:12:21]} Rfd8 {[%clk 1:23:50]} 12. Qe1
{[%clk 1:11:44]} c4 {[%clk 1:14:58]} 13. Bxf6 {[%clk 1:05:08]} gxf6
{[%clk 1:12:37]} 14. a3 {[%clk 0:57:24]} cxb3 {[%clk 1:10:21]} 15. Nxb3
{[%clk 0:50:49]} Qxe1 {[%clk 1:10:14]} 16. Rfxe1 {[%clk 0:51:11]} Rac8
{[%clk 1:10:22]} 17. f3 {[%clk 0:48:37]} Bh5 {[%clk 1:10:41]} 18. Ra2
{[%clk 0:47:47]} Rc3 {[%clk 1:10:44]} 19. e4 {[%clk 0:45:37]} dxe4
{[%clk 1:10:54]} 20. Rxe4 {[%clk 0:45:13]} Rdc8 {[%clk 1:10:29]} 21. Re2
{[%clk 0:43:44]} b6 {[%clk 1:08:58]} 22. Kf1 {[%clk 0:36:02]} Bg6
{[%clk 1:08:03]} 23. Rd2 {[%clk 0:31:47]} a5 {[%clk 1:05:33]} 24. a4
{[%clk 0:29:53]} Bb4 {[%clk 1:05:46]} 25. Nd4 {[%clk 0:23:58]} R3c4
{[%clk 1:05:28]} 26. dxc4 {[%clk 0:21:12]} Bxd2 {[%clk 1:05:52]} 27. Ke2
{[%clk 0:19:54]} Bb4 {[%clk 1:04:50]} 28. f4 {[%clk 0:10:54]} Rxc4
{[%clk 1:04:02]} 29. Nc6 {[%clk 0:05:20]} Bxc2 {[%clk 1:03:13]} 30. Nxb4
{[%clk 0:04:30]} axb4 {[%clk 1:03:35]} 31. Kd2 {[%clk 0:04:05]} b3
{[%clk 1:03:57]} 32. Rb2 {[%clk 0:04:07]} Rxa4 {[%clk 1:04:13]} 33. Bc6
{[%clk 0:03:52]} Ra5 {[%clk 1:03:31]} 34. Bf3 {[%clk 0:02:44]} b5
{[%clk 1:03:32]} 35. Be2 {[%clk 0:02:11]} e5 {[%clk 1:02:48]} 36. f5
{[%clk 0:01:33]} e4 {[%clk 1:02:36]} 37. g4 {[%clk 0:01:21]} Kf8 {[%clk 1:00:34]}
38. h4 {[%clk 0:00:32]} h6 {[%clk 1:00:57]} 39. Kc3 {[%clk 0:00:38]} Ke7
{[%clk 1:00:44]} 40. Rxb3 {[%clk 0:30:57]} Bxb3 {[%clk 1:31:02]} 41. Kxb3
{[%clk 0:31:26]} Kd6 {[%clk 1:31:04]} 42. Kb4 {[%clk 0:31:20]} Ra2
{[%clk 1:31:23]} 43. Bxb5 {[%clk 0:31:31]} Rb2+ {[%clk 1:31:41]} 0-1

[Event "World Chess Olympiad 2018"]
[Site "Batumi"]
[Date "2018.09.24"]
[Round "1"]
[Board "3"]
[WhiteFideId "240990"]
[White "Dardha Daniel"]
[BlackFideId "9100121"]
[Black "Jones Rupert"]
[Result "1-0"]
[LiveChessVersion "1.4.8"]
[BlackElo "1790"]
[WhiteElo "2299"]

1. Nf3 {[%clk 1:30:54]} Nf6 {[%clk 1:29:03]} 2. g3 {[%clk 1:31:12]} g6
{[%clk 1:28:19]} 3. b3 {[%clk 1:31:37]} Bg7 {[%clk 1:28:24]} 4. Bb2
{[%clk 1:32:01]} c5 {[%clk 1:24:49]} 5. c4 {[%clk 1:31:46]} Nc6 {[%clk 1:24:48]}
6. Bg2 {[%clk 1:32:03]} d6 {[%clk 1:24:43]} 7. d4 {[%clk 1:32:20]} cxd4
{[%clk 1:21:25]} 8. Nxd4 {[%clk 1:32:44]} Nxd4 {[%clk 1:20:16]} 9. Qxd4
{[%clk 1:31:27]} O-O {[%clk 1:19:07]} 10. O-O {[%clk 1:29:57]} a6
{[%clk 1:15:33]} 11. Nc3 {[%clk 1:29:22]} Nd7 {[%clk 1:05:22]} 12. Qd2
{[%clk 1:29:41]} Rb8 {[%clk 1:03:35]} 13. h4 {[%clk 1:10:04]} Qa5
{[%clk 0:57:27]} 14. Rfd1 {[%clk 1:09:53]} Re8 {[%clk 0:52:08]} 15. a3
{[%clk 0:54:20]} h5 {[%clk 0:45:08]} 16. b4 {[%clk 0:51:29]} Qd8 {[%clk 0:41:03]}
17. Ne4 {[%clk 0:35:32]} Ne5 {[%clk 0:35:30]} 18. Rac1 {[%clk 0:32:57]} Be6
{[%clk 0:24:42]} 19. c5 {[%clk 0:28:43]} Bb3 {[%clk 0:17:22]} 20. Re1
{[%clk 0:27:51]} d5 {[%clk 0:17:00]} 21. Bxe5 {[%clk 0:26:33]} Bxe5
{[%clk 0:16:24]} 22. Ng5 {[%clk 0:25:09]} Rc8 {[%clk 0:13:26]} 23. Qe3
{[%clk 0:25:04]} f6 {[%clk 0:08:17]} 24. Ne6 {[%clk 0:25:31]} Qd7
{[%clk 0:08:33]} 25. Qxb3 {[%clk 0:25:55]} Qxe6 {[%clk 0:08:44]} 26. Bxd5
{[%clk 0:26:19]} 1-0

[Event "World Chess Olympiad 2018"]
[Site "Batumi"]
[Date "2018.09.24"]
[Round "1"]
[Board "1"]
[WhiteFideId "19700261"]
[White "Drayton Anthony"]
[BlackFideId "4700600"]
[Black "Mehmeti Dritan"]
[Result "0-1"]
[LiveChessVersion "1.4.8"]
[BlackElo "2391"]
[WhiteElo "2024"]

1. d4 {[%clk 1:29:50]} c5 {[%clk 1:26:17]} 2. c3 {[%clk 1:15:49]} d5
{[%clk 1:26:13]} 3. Bf4 {[%clk 1:15:45]} Nc6 {[%clk 1:24:29]} 4. e3
{[%clk 1:15:21]} Qb6 {[%clk 1:24:07]} 5. Qb3 {[%clk 1:12:54]} c4 {[%clk 1:17:24]}
6. Qxb6 {[%clk 1:13:11]} axb6 {[%clk 1:17:46]} 7. Nf3 {[%clk 1:10:57]} e6
{[%clk 1:11:54]} 8. Be2 {[%clk 1:10:21]} b5 {[%clk 1:11:47]} 9. O-O
{[%clk 1:09:20]} Nf6 {[%clk 1:11:19]} 10. h3 {[%clk 1:06:52]} Be7
{[%clk 1:08:45]} 11. a3 {[%clk 1:06:44]} b4 {[%clk 1:02:04]} 12. cxb4
{[%clk 1:06:07]} Bxb4 {[%clk 0:59:31]} 13. Nbd2 {[%clk 1:02:12]} Be7
{[%clk 0:55:53]} 14. Ne5 {[%clk 1:00:06]} Nxe5 {[%clk 0:52:07]} 15. Bxe5
{[%clk 0:59:58]} O-O {[%clk 0:49:30]} 16. Bf3 {[%clk 0:52:40]} b5
{[%clk 0:47:43]} 17. Rfc1 {[%clk 0:45:16]} Bb7 {[%clk 0:42:16]} 18. b4
{[%clk 0:43:38]} Ra7 {[%clk 0:41:10]} 19. Bc7 {[%clk 0:43:45]} Rfa8
{[%clk 0:38:47]} 20. Ba5 {[%clk 0:44:03]} Bc6 {[%clk 0:27:38]} 21. Nb1
{[%clk 0:32:46]} Rxa5 {[%clk 0:27:26]} 22. bxa5 {[%clk 0:32:59]} Rxa5
{[%clk 0:27:51]} 23. a4 {[%clk 0:29:13]} Bd7 {[%clk 0:24:26]} 24. Nc3
{[%clk 0:28:53]} b4 {[%clk 0:24:34]} 25. Nb5 {[%clk 0:29:00]} b3 {[%clk 0:23:30]}
26. Rcb1 {[%clk 0:29:17]} Bb4 {[%clk 0:22:48]} 27. g4 {[%clk 0:25:31]} g5
{[%clk 0:22:44]} 28. Kf1 {[%clk 0:25:01]} Kg7 {[%clk 0:22:04]} 29. e4
{[%clk 0:22:38]} Nxe4 {[%clk 0:17:02]} 30. Bxe4 {[%clk 0:22:46]} dxe4
{[%clk 0:17:27]} 31. Ke2 {[%clk 0:23:00]} f5 {[%clk 0:17:03]} 32. Na3
{[%clk 0:22:15]} Rxa4 {[%clk 0:16:31]} 33. Nxc4 {[%clk 0:21:23]} Rxa1
{[%clk 0:16:52]} 34. Rxa1 {[%clk 0:21:44]} Bb5 {[%clk 0:17:18]} 35. Kd1
{[%clk 0:20:05]} Bc3 {[%clk 0:15:16]} 36. Ra7+ {[%clk 0:20:14]} Kf6
{[%clk 0:14:59]} 37. Nd2 {[%clk 0:18:50]} b2 {[%clk 0:14:40]} 38. Nb1
{[%clk 0:13:38]} Bxd4 {[%clk 0:15:02]} 39. Rb7 {[%clk 0:43:32]} Bd3
{[%clk 0:44:15]} 40. Na3 {[%clk 0:43:05]} f4 {[%clk 0:43:50]} 41. Kd2
{[%clk 0:43:02]} f3 {[%clk 0:34:04]} 42. Nc2 {[%clk 0:40:52]} Bxc2
{[%clk 0:32:14]} 43. Kxc2 {[%clk 0:41:10]} e3 {[%clk 0:30:46]} 0-1

[Event "World Chess Olympiad 2018"]
[Site "Batumi"]
[Date "2018.09.24"]
[Round "1"]
[Board "2"]
[WhiteFideId "4701178"]
[White "Pasko Llambi"]
[BlackFideId "19700024"]
[Black "Khan Taffin"]
[Result "1-0"]
[LiveChessVersion "1.4.8"]
[BlackElo "1900"]
[WhiteElo "2386"]

1. d4 {[%clk 1:30:56]} Nf6 {[%clk 1:30:20]} 2. Nf3 {[%clk 1:31:07]} d6
{[%clk 1:30:28]} 3. c4 {[%clk 1:31:22]} Nbd7 {[%clk 1:30:42]} 4. Nc3
{[%clk 1:30:33]} e5 {[%clk 1:31:02]} 5. g3 {[%clk 1:30:41]} Be7 {[%clk 1:31:12]}
6. Bg2 {[%clk 1:30:36]} c6 {[%clk 1:31:33]} 7. O-O {[%clk 1:30:16]} O-O
{[%clk 1:31:51]} 8. Qc2 {[%clk 1:30:30]} Re8 {[%clk 1:31:26]} 9. Rd1
{[%clk 1:30:45]} Qc7 {[%clk 1:31:44]} 10. b3 {[%clk 1:27:31]} Bf8
{[%clk 1:30:09]} 11. e4 {[%clk 1:23:16]} b6 {[%clk 1:27:16]} 12. Bb2
{[%clk 1:22:25]} Bb7 {[%clk 1:26:31]} 13. Rac1 {[%clk 1:20:28]} Rad8
{[%clk 1:25:49]} 14. h3 {[%clk 1:19:15]} a6 {[%clk 1:25:48]} 15. a3
{[%clk 1:19:10]} c5 {[%clk 1:10:16]} 16. dxe5 {[%clk 1:18:08]} dxe5
{[%clk 1:10:31]} 17. Re1 {[%clk 1:14:51]} Bd6 {[%clk 1:04:08]} 18. Nd2
{[%clk 1:12:35]} Qc6 {[%clk 0:57:40]} 19. Nf1 {[%clk 1:09:30]} Nf8
{[%clk 0:55:07]} 20. Nd5 {[%clk 1:09:46]} N6d7 {[%clk 0:55:25]} 21. Nfe3
{[%clk 1:00:13]} Ne6 {[%clk 0:54:14]} 22. Qd3 {[%clk 1:00:12]} Nd4
{[%clk 0:48:40]} 23. Nf5 {[%clk 0:58:22]} Bf8 {[%clk 0:48:57]} 24. Nxd4
{[%clk 0:56:59]} cxd4 {[%clk 0:48:18]} 25. b4 {[%clk 0:57:24]} Qd6
{[%clk 0:39:56]} 26. f4 {[%clk 0:50:51]} f6 {[%clk 0:40:12]} 27. Qd2
{[%clk 0:47:33]} Rc8 {[%clk 0:34:05]} 28. h4 {[%clk 0:46:59]} Ra8
{[%clk 0:31:28]} 29. Bh3 Bxd5 {[%clk 0:28:22]} 30. cxd5 {[%clk 0:46:41]} Rec8
{[%clk 0:26:04]} 31. Rxc8 {[%clk 0:45:54]} Rxc8 {[%clk 0:26:24]} 32. Rc1
{[%clk 0:46:22]} Rxc1+ {[%clk 0:25:18]} 33. Qxc1 {[%clk 0:46:47]} Nb8
{[%clk 0:25:39]} 34. Be6+ {[%clk 0:45:06]} Kh8 {[%clk 0:25:58]} 35. Qc8
{[%clk 0:45:28]} a5 {[%clk 0:13:16]} 36. Qe8 {[%clk 0:43:37]} Qe7
{[%clk 0:13:27]} 37. Qxb8 {[%clk 0:43:16]} axb4 {[%clk 0:13:40]} 38. fxe5
{[%clk 0:41:59]} bxa3 {[%clk 0:12:27]} 39. d6 {[%clk 0:41:56]} axb2
{[%clk 0:09:39]} 40. dxe7 {[%clk 1:11:50]} 1-0

[Event "World Chess Olympiad 2018"]
[Site "Batumi"]
[Date "2018.09.24"]
[Round "1"]
[Board "3"]
[WhiteFideId "19700083"]
[White "Nathoo Loris"]
[BlackFideId "4700066"]
[Black "Ashiku Franc"]
[Result "0-1"]
[LiveChessVersion "1.4.8"]
[BlackElo "2373"]
[WhiteElo "1665"]

1. e4 {[%clk 1:30:10]} e5 {[%clk 1:30:45]} 2. Nf3 {[%clk 1:30:31]} Nc6
{[%clk 1:31:07]} 3. d4 {[%clk 1:29:21]} exd4 {[%clk 1:31:23]} 4. Nxd4
{[%clk 1:29:41]} Qf6 {[%clk 1:31:43]} 5. c3 {[%clk 1:25:38]} Bc5 {[%clk 1:31:32]}
6. Be3 {[%clk 1:25:30]} Nge7 {[%clk 1:31:36]} 7. b4 {[%clk 1:15:42]} Bb6
{[%clk 1:14:14]} 8. Bc4 {[%clk 1:04:39]} O-O {[%clk 1:04:47]} 9. O-O
{[%clk 0:57:39]} Ne5 {[%clk 1:01:09]} 10. Bb3 {[%clk 0:55:34]} Qg6
{[%clk 0:57:56]} 11. Nd2 {[%clk 0:52:00]} d5 {[%clk 0:54:23]} 12. Bf4
{[%clk 0:41:05]} Nd3 {[%clk 0:49:25]} 13. Bg3 {[%clk 0:36:17]} Bxd4
{[%clk 0:47:58]} 14. cxd4 {[%clk 0:33:26]} dxe4 {[%clk 0:48:15]} 15. Nxe4
{[%clk 0:33:21]} Qxe4 {[%clk 0:48:13]} 16. Bc2 {[%clk 0:33:38]} Bf5
{[%clk 0:48:35]} 17. Re1 {[%clk 0:33:29]} Qxe1+ {[%clk 0:48:57]} 18. Qxe1
{[%clk 0:33:41]} Nxe1 0-1

[Event "World Chess Olympiad 2018"]
[Site "Batumi"]
[Date "2018.09.24"]
[Round "1"]
[Board "4"]
[WhiteFideId "4700031"]
[White "Seitaj Ilir"]
[BlackFideId "19700130"]
[Black "Corlette Glenford"]
[Result "1-0"]
[LiveChessVersion "1.4.8"]
[BlackElo "1653"]
[WhiteElo "2360"]

1. e4 {[%clk 1:30:55]} d5 {[%clk 1:24:52]} 2. exd5 {[%clk 1:31:16]} Qxd5
{[%clk 1:24:49]} 3. Nc3 {[%clk 1:31:23]} Qa5 {[%clk 1:24:28]} 4. Nf3
{[%clk 1:31:40]} Nf6 {[%clk 1:24:07]} 5. d4 {[%clk 1:31:40]} c6 {[%clk 1:20:13]}
6. Be2 {[%clk 1:30:38]} Bg4 {[%clk 1:17:58]} 7. O-O {[%clk 1:30:59]} e6
{[%clk 1:16:54]} 8. Re1 {[%clk 1:30:39]} Bd6 {[%clk 1:16:07]} 9. h3
{[%clk 1:30:47]} Bh5 {[%clk 1:06:44]} 10. Ne5 {[%clk 1:29:54]} Bxe2
{[%clk 1:05:28]} 11. Qxe2 {[%clk 1:30:14]} Bxe5 {[%clk 1:02:04]} 12. dxe5
{[%clk 1:30:30]} Nd5 {[%clk 0:59:14]} 13. Qg4 {[%clk 1:26:49]} g6
{[%clk 0:54:52]} 14. Bd2 {[%clk 1:26:02]} Qa6 {[%clk 0:50:20]} 15. Ne4
{[%clk 1:26:00]} h6 {[%clk 0:27:05]} 16. Nd6+ {[%clk 1:25:22]} Kf8
{[%clk 0:25:50]} 17. Qf3 {[%clk 1:24:24]} Rh7 {[%clk 0:25:27]} 18. c4
{[%clk 1:24:06]} Nc7 {[%clk 0:21:49]} 19. Bxh6+ {[%clk 1:24:04]} Kg8
{[%clk 0:21:33]} 20. Rad1 {[%clk 1:20:15]} Ne8 {[%clk 0:13:34]} 21. Nxe8
{[%clk 1:20:03]} Nd7 {[%clk 0:12:41]} 22. Rxd7 {[%clk 1:19:28]} Rxe8
{[%clk 0:12:49]} 23. b3 {[%clk 1:18:35]} Qa5 {[%clk 0:10:33]} 24. Bd2
{[%clk 1:18:45]} Qxa2 {[%clk 0:10:07]} 25. Bg5 {[%clk 1:18:06]} Qa5
{[%clk 0:09:15]} 26. Qe3 {[%clk 1:18:23]} Rh5 {[%clk 0:07:33]} 27. Red1
{[%clk 1:18:30]} b5 {[%clk 0:03:19]} 28. Rd8 {[%clk 1:18:16]} Rxd8
{[%clk 0:02:40]} 29. Rxd8+ {[%clk 1:18:36]} Kh7 {[%clk 0:02:49]} 30. Bf6
{[%clk 1:18:24]} Qxd8 {[%clk 0:00:43]} 31. Bxd8 {[%clk 1:18:42]} bxc4
{[%clk 0:00:58]} 32. Qxa7 {[%clk 1:18:55]} Rxe5 {[%clk 0:01:08]} 33. Qxf7+
{[%clk 1:19:13]} Kh6 {[%clk 0:01:15]} 34. Qf4+ {[%clk 1:19:34]} 1-0

[Event "World Chess Olympiad 2018"]
[Site "Batumi"]
[Date "2018.09.24"]
[Round "1"]
[Board "1"]
[WhiteFideId "3900258"]
[White "Ynojosa Aponte Felix Jose"]
[BlackFideId "1126768"]
[Black "Belzo Krzysztof"]
[Result "1-0"]
[LiveChessVersion "1.4.8"]
[BlackElo "2057"]
[WhiteElo "2370"]

1. c4 {[%clk 1:30:59]} c5 {[%clk 1:30:52]} 2. Nc3 {[%clk 1:31:22]} Nc6
{[%clk 1:31:14]} 3. e3 {[%clk 1:31:16]} Nf6 {[%clk 1:31:19]} 4. Nf3
{[%clk 1:31:08]} g6 {[%clk 1:28:41]} 5. d4 {[%clk 1:31:32]} cxd4 {[%clk 1:29:07]}
6. exd4 {[%clk 1:31:58]} d5 {[%clk 1:29:28]} 7. cxd5 {[%clk 1:32:06]} Nxd5
{[%clk 1:29:51]} 8. Qb3 {[%clk 1:32:31]} Nxc3 {[%clk 1:29:06]} 9. Bc4
{[%clk 1:32:17]} e6 {[%clk 1:28:15]} 10. bxc3 {[%clk 1:32:42]} Bg7
{[%clk 1:27:31]} 11. Ba3 {[%clk 1:32:55]} Ne7 {[%clk 1:21:58]} 12. O-O
{[%clk 1:21:23]} O-O {[%clk 1:15:20]} 13. Rad1 {[%clk 1:20:05]} Re8
{[%clk 1:10:48]} 14. Rfe1 {[%clk 1:18:24]} Rb8 {[%clk 0:47:09]} 15. Bxe7
{[%clk 1:17:16]} Rxe7 {[%clk 0:46:36]} 16. d5 {[%clk 1:17:39]} exd5
{[%clk 0:45:01]} 17. Bxd5 {[%clk 1:18:02]} Bd7 {[%clk 0:36:48]} 18. Rxe7
{[%clk 1:17:26]} Qxe7 {[%clk 0:35:13]} 19. Bxf7+ {[%clk 1:17:50]} Qxf7
{[%clk 0:32:54]} 20. Qxf7+ {[%clk 1:18:13]} Kxf7 {[%clk 0:33:22]} 21. Rxd7+
{[%clk 1:18:36]} Kg8 {[%clk 0:33:21]} 22. c4 {[%clk 1:18:03]} Rc8
{[%clk 0:31:30]} 23. g3 {[%clk 1:09:27]} Rxc4 {[%clk 0:26:17]} 24. Ng5
{[%clk 1:09:45]} Rc6 {[%clk 0:18:43]} 25. Rd8+ {[%clk 1:08:33]} Bf8
{[%clk 0:19:12]} 26. Nxh7 {[%clk 1:08:56]} Kxh7 {[%clk 0:19:35]} 27. Rxf8
{[%clk 1:09:24]} Ra6 {[%clk 0:09:56]} 28. Rf7+ {[%clk 1:09:48]} Kg8
{[%clk 0:08:25]} 29. Rxb7 {[%clk 1:10:13]} Rxa2 {[%clk 0:08:53]} 30. h4
{[%clk 1:10:15]} a5 {[%clk 0:08:54]} 31. Kg2 {[%clk 1:10:39]} a4 {[%clk 0:09:14]}
32. Kf3 {[%clk 1:11:04]} a3 {[%clk 0:09:08]} 33. Ra7 {[%clk 1:11:14]} Kf8
{[%clk 0:09:00]} 34. Ke3 {[%clk 1:11:12]} Ke8 {[%clk 0:08:00]} 35. f3
{[%clk 1:10:42]} Rg2 {[%clk 0:04:22]} 36. Kf4 {[%clk 1:11:04]} a2
{[%clk 0:04:51]} 37. g4 {[%clk 1:11:21]} Rf2 {[%clk 0:04:14]} 38. Kg5
{[%clk 1:11:26]} Rxf3 {[%clk 0:03:34]} 39. Rxa2 {[%clk 1:11:49]} Rh3
{[%clk 0:03:39]} 40. Ra6 {[%clk 1:42:12]} Kf7 {[%clk 0:33:56]} 41. Rf6+
{[%clk 1:42:38]} Kg7 {[%clk 0:33:58]} 42. Rxg6+ {[%clk 1:43:02]} Kf7
{[%clk 0:34:20]} 43. Ra6 {[%clk 1:43:25]} Rb3 {[%clk 0:34:43]} 44. Ra7+
{[%clk 1:43:50]} Kg8 {[%clk 0:35:08]} 45. Ra5 {[%clk 1:43:30]} Rb6
{[%clk 0:35:25]} 46. h5 {[%clk 1:43:56]} Kg7 {[%clk 0:35:40]} 47. h6+
{[%clk 1:44:16]} Kh7 {[%clk 0:35:50]} 48. Ra7+ {[%clk 1:44:42]} Kg8
{[%clk 0:36:09]} 49. Kh5 {[%clk 1:45:03]} Rb5+ {[%clk 0:36:23]} 50. g5
{[%clk 1:45:29]} Rc5 {[%clk 0:36:37]} 51. Re7 {[%clk 1:45:02]} Ra5
{[%clk 0:36:55]} 52. Kg6 {[%clk 1:44:45]} Ra6+ {[%clk 0:37:01]} 53. Kf5
{[%clk 1:45:11]} Ra1 {[%clk 0:36:30]} 54. g6 {[%clk 1:44:22]} Rf1+
{[%clk 0:36:50]} 55. Ke6 {[%clk 1:44:34]} Re1+ {[%clk 0:37:08]} 56. Kd6
{[%clk 1:44:59]} Rd1+ {[%clk 0:37:21]} 57. Kc7 {[%clk 1:45:24]} Rc1+
{[%clk 0:37:41]} 58. Kd8 {[%clk 1:45:50]} Rd1+ {[%clk 0:37:56]} 59. Kc7
{[%clk 1:43:18]} Rc1+ {[%clk 0:38:08]} 60. Kb6 {[%clk 1:43:26]} Rb1+
{[%clk 0:38:19]} 61. Kc5 {[%clk 1:43:47]} Rc1+ {[%clk 0:38:44]} 62. Kd4
{[%clk 1:44:08]} Rd1+ {[%clk 0:39:03]} 63. Kc3 {[%clk 1:44:31]} Rc1+
{[%clk 0:38:34]} 64. Kd2 {[%clk 1:44:58]} Rc8 {[%clk 0:38:59]} 65. Kd3
{[%clk 1:44:08]} Rd8+ {[%clk 0:37:48]} 66. Ke4 {[%clk 1:44:33]} Ra8
{[%clk 0:38:07]} 67. Kf5 {[%clk 1:44:14]} Ra5+ {[%clk 0:36:39]} 68. Re5
{[%clk 1:44:37]} Ra8 {[%clk 0:37:02]} 69. Kg5 {[%clk 1:44:08]} Rb8
{[%clk 0:36:19]} 70. h7+ {[%clk 1:43:59]} Kg7 {[%clk 0:36:39]} 71. Re7+
{[%clk 1:44:26]} Kh8 {[%clk 0:36:53]} 72. Kh6 {[%clk 1:44:53]} Ra8
{[%clk 0:36:40]} 73. g7# 1-0

[Event "World Chess Olympiad 2018"]
[Site "Batumi"]
[Date "2018.09.24"]
[Round "1"]
[Board "2"]
[WhiteFideId "15600017"]
[White "Wojciechowski Paul"]
[BlackFideId "3902501"]
[Black "Zavarce Sayago Oscar Enrique"]
[Result "0-1"]
[LiveChessVersion "1.4.8"]
[BlackElo "2346"]
[WhiteElo "1904"]

1. e4 {[%clk 1:30:57]} c5 {[%clk 1:30:51]} 2. Nf3 {[%clk 1:31:21]} e6
{[%clk 1:31:03]} 3. d4 {[%clk 1:31:40]} cxd4 {[%clk 1:31:25]} 4. Nxd4
{[%clk 1:32:05]} a6 {[%clk 1:30:24]} 5. Nc3 {[%clk 1:31:57]} Qc7 {[%clk 1:30:19]}
6. Be3 {[%clk 1:29:50]} Bb4 {[%clk 1:29:11]} 7. Qd3 {[%clk 1:26:55]} Nf6
{[%clk 1:29:18]} 8. f3 {[%clk 1:27:18]} d5 {[%clk 1:25:18]} 9. O-O-O
{[%clk 1:24:47]} e5 {[%clk 0:39:00]} 10. Nxd5 {[%clk 1:05:47]} Nxd5
{[%clk 0:39:21]} 11. exd5 {[%clk 1:06:10]} exd4 {[%clk 0:39:39]} 12. Qxd4
{[%clk 1:05:56]} Bd6 {[%clk 0:37:55]} 13. Qxg7 {[%clk 0:50:27]} Be5
{[%clk 0:38:17]} 14. Qg5 {[%clk 0:45:39]} Qe7 {[%clk 0:20:02]} 15. Qxe7+
{[%clk 0:35:06]} Kxe7 {[%clk 0:20:25]} 16. Bd3 {[%clk 0:35:02]} Nd7
{[%clk 0:15:55]} 17. g3 {[%clk 0:30:05]} Kd6 {[%clk 0:14:30]} 18. Be4
{[%clk 0:22:51]} b5 {[%clk 0:04:04]} 19. b3 {[%clk 0:13:46]} b4 {[%clk 0:02:54]}
20. Bd4 {[%clk 0:11:00]} a5 {[%clk 0:02:06]} 21. Rhe1 {[%clk 0:06:58]} Bxd4
{[%clk 0:01:57]} 22. Rxd4 {[%clk 0:07:21]} Nc5 {[%clk 0:01:00]} 23. Kd2
{[%clk 0:05:44]} Bd7 {[%clk 0:00:38]} 24. c4 {[%clk 0:04:49]} bxc3+
{[%clk 0:01:03]} 25. Kxc3 {[%clk 0:05:13]} Rac8 {[%clk 0:00:39]} 26. Kd2
{[%clk 0:05:32]} h5 {[%clk 0:00:37]} 27. Bc2 {[%clk 0:02:43]} Na6
{[%clk 0:00:33]} 28. Rf4 {[%clk 0:02:27]} Nb4 {[%clk 0:00:56]} 29. Rf6+
{[%clk 0:02:19]} Kc7 {[%clk 0:00:33]} 30. Rxf7 {[%clk 0:02:04]} Nxc2
{[%clk 0:00:36]} 31. Kxc2 {[%clk 0:02:27]} Kd6+ {[%clk 0:00:37]} 32. Kb2
{[%clk 0:02:20]} Rhf8 {[%clk 0:00:32]} 33. Rxf8 {[%clk 0:02:18]} Rxf8
{[%clk 0:00:57]} 34. f4 {[%clk 0:02:34]} Rf5 {[%clk 0:01:17]} 35. Kc2
{[%clk 0:00:00]} 0-1